000 00476nam a22001817a 4500
003 OSt
005 20250303162413.0
008 250303b |||||||| |||| 00| 0 eng d
020 _a9789354601026
040 _cIIMT UNIVERCITY
082 _24TH
100 _aPILLAI S. UNNIKRISHNA
245 _aREINFORCED CONCRETE DESIGN
260 _aMc Graw Hill
_bMC Graw Hill Edecation
_c2024
300 _a1044
440 _aREINFORCED CONCRETE DESIGN
942 _2ddc
_c02
_e4TH
999 _c65273
_d65273